LEADER 01075nam a2200301 i 4500 001 991001954359707536 005 20020508184141.0 008 950518s1983 it 000 0 ita d 035 $ab10937638-39ule_inst 035 $aPARLA151835$9ExL 040 $aDip.to Scienze pedagogiche$bita 100 1 $aBurton, Robert$0164192 245 10$aAnatomia della malinconia /$cRobert Burton ; introduzione a cura di Jean Starobinski 260 $aVenezia :$bMarsilio,$cc1983 300 $a194 p. ;$c21 cm 440 3$aIl corpo e l'anima 490 0 $aSaggi [Marsilio] 500 $aIn contenitore dal titolo: "Il corpo e l'anima" 650 4$aFollia 650 4$aPsichiatria$xStoria 650 4$aPsichiatria e fenomenologia 700 1 $aStarobinski, Jean 907 $a.b10937638$b23-02-17$c28-06-02 912 $a991001954359707536 945 $aLE022 MP 81 G 10$g1$i2022000152594$lle022$o-$pE0.00$q-$rl$s- $t0$u1$v0$w1$x0$y.i11044020$z28-06-02 996 $aAnatomia della malinconia$991947 997 $aUNISALENTO 998 $ale022$b01-01-95$cm$da $e-$fita$git $h0$i1 LEADER 03136nam 2200529 450 001 9910823302003321 005 20200806124632.0 010 $a1-119-10749-0 035 $a(CKB)4330000000000838 035 $a(JP-MeL)3000028620 035 $a(CaSebORM)9781119107477 035 $a(MiAaPQ)EBC4432157 035 $a(EXLCZ)994330000000000838 100 $a20160127d2016 uy| 0 101 0 $aeng 135 $aurcnu|||||||| 181 $2rdacontent 182 $2rdamedia 183 $2rdacarrier 200 10$aTriz for dummies /$fby Lilly Haines-Gadd 205 $aFirst edition. 210 1$aIndianapolis, IN :$cJohn Wiley & Sons, Incorporated,$d2016. 215 $a1 online resource (307 pages) $cillustrations 225 1 $aFor dummies 311 $a1-119-10747-4 327 $aGetting started with TRIZ -- Opening your TRIZ toolbox -- Thinking like a genius -- Understanding, defining and solving difficult problems with TRIZ -- The part of tens. 330 $aUse TRIZ to unlock creative problem solving Are you new to TRIZ and looking for an easy-to-follow guide on how you can use it to enhance your company's creativity, innovation and problem-solving abilities? Look no further! Written in plain English and packed with tons of accessible and easy-to-follow instruction, TRIZ For Dummies shows you how to use this powerful toolkit to discover all the ways of solving a problem, uncover new concepts and identify previously unseen routes for new product development. An international science that relies on the study of patterns in problems and solutions, TRIZ offers a powerful problem-solving and creativity-generating solution for companies looking to promote innovation, especially in the face of having to do more with less. Inside, you'll find out how to successfully apply this problem-solving toolkit to benefit from the experience of the whole world?not just the spontaneous and occasional creativity of individuals or groups of engineers with an organisation. Learn to think like a genius with TRIZ Discover the benefits of TRIZ as a tool for businesses Find fun and simple exercises for putting TRIZ into practise Benefit from industry examples of where TRIZ has worked?and how With the help of TRIZ For Dummies , you'll get the skills needed to see the wood for the trees and solve complex problems with creativity, ingenuity and innovation. 410 0$a--For dummies. 606 $aTRIZ theory$vHandbooks, manuals, etc 606 $aCreative thinking$vHandbooks, manuals, etc 606 $aInventions$vHandbooks, manuals, etc 606 $aEngineering$xMethodology$vHandbooks, manuals, etc 606 $aProblem solving$xMethodology$vHandbooks, manuals, etc 615 0$aTRIZ theory 615 0$aCreative thinking 615 0$aInventions 615 0$aEngineering$xMethodology 615 0$aProblem solving$xMethodology 676 $a658.4/03 700 $aHaines-Gadd$b Lilly$01677233 801 0$bMiAaPQ 801 1$bMiAaPQ 801 2$bMiAaPQ 906 $aBOOK 912 $a9910823302003321 996 $aTriz for dummies$94043945 997 $aUNINA LEADER 01767nam 2200517 450 001 9910815619103321 005 20200520144314.0 010 $a1-63322-455-4 035 $a(CKB)3790000000548433 035 $a(WaSeSS)IndRDA00115506 035 $a(Au-PeEL)EBL5165160 035 $a(CaPaEBR)ebr11475323 035 $a(OCoLC)1014439637 035 $a(CaSebORM)9781633224551 035 $a(MiAaPQ)EBC5165160 035 $a(EXLCZ)993790000000548433 100 $a20171227h20172017 uy 0 101 0 $aeng 135 $aurcnu|||||||| 181 $2rdacontent 182 $2rdamedia 183 $2rdacarrier 200 10$aColor $ea practical guide to color and its uses in art /$fWalter Foster ; project editing and content development by Elizabeth T. Gilbert ; cover design and page layout by Melissa Gerber 205 $aDigital edition. 210 1$aLake Forest, California :$cWalter Foster Publishing,$d2017. 210 4$dİ2017 215 $a1 online resource (113 pages) $ccolor illustrations 225 0 $aArtist Toolbox 300 $a"Project editing and content development by Elizabeth T. Gilbert"--Copyright page. 311 $a1-63322-272-1 330 $aArtist Toolbox: Color explains how color captures mood and helps communicate meaning, as well as how to use color to create personal, expressive works of art. 410 0$aArtist toolbox. 606 $aColor in art 606 $aPainting$xTechnique 615 0$aColor in art. 615 0$aPainting$xTechnique. 676 $a752 702 $aGilbert$b Elizabeth T. 702 $aGerber$b Melissa 801 0$bMiAaPQ 801 1$bMiAaPQ 801 2$bMiAaPQ 906 $aBOOK 912 $a9910815619103321 996 $aColor$94080516 997 $aUNINA